Cây ăn quả nhiệt đới

محفوظ في:
التفاصيل البيبلوغرافية
المؤلف الرئيسي: NGUYỄN VĂN KẾ
التنسيق: كتاب
اللغة:Undetermined
منشور في: Nông Nghiệp
الوسوم: إضافة وسم
لا توجد وسوم, كن أول من يضع وسما على هذه التسجيلة!
Thư viện lưu trữ: Trung tâm Học liệu Trường Đại học Cần Thơ
LEADER 00391nam a2200133Ia 4500
001 CTU_45540
008 210402s9999 xx 000 0 und d
082 |a 634 
082 |b K250 
100 |a NGUYỄN VĂN KẾ 
245 0 |a Cây ăn quả nhiệt đới 
245 0 |c NGUYỄN VĂN KẾ 
260 |b Nông Nghiệp 
980 |a Trung tâm Học liệu Trường Đại học Cần Thơ